[Event "SPFNO 2024"]
[White "Willy, Stephen"]
[Black "Peng, Alan"]
[Site "?"]
[Round "4"]
[Annotator "Ralph Dubisch"]
[Result "1-0"]
[Date "2024.10.27"]
[WhiteElo "2263"]
[BlackElo "2051"]
[PlyCount "45"]
[GameId "2123213199163454"]
[EventDate "2024.??.??"]
[SourceVersionDate "2024.12.14"]

1. e4 c6 2. d4 d5 3. e5 c5 4. Nf3 Nc6 5. dxc5 e6 {Black chooses to transpose into an Advance French, at least temporarily down a pawn (and, arguably, minus a tempo, though that is less clear).} (5... Bg4 {is more common and more practically successful here, getting that light-square bishop out of its prison.} 6. c3 e6 7. Be3 Bxf3 8. Qxf3 Nxe5 9. Bb5+ Nc6 10. O-O {is unbalanced.}) 6. Be3 Qc7 (6... Nge7 {, heading to g6 or f5, is a bit more flexible.}) 7. c3 a6 $6 ({I would prefer development with} 7... Bd7 {, only meeting} 8. Na3 {with} a6 {.}) 8. Bd3 Nxe5 9. Nxe5 Qxe5 10. O-O Nf6 11. Bd4 Qc7 12. b4 Be7 13. f4 $14 {White has chosen not to try to hang onto the extra pawn, instead converting the material into positional lockdown on the e5-square, cementing a space advantage.} Bd7 14. Nd2 h6 15. Qf3 Bc6 16. Rae1 O-O 17. Re3 (17. f5 $5) 17... Bb5 18. Qh3 Bxd3 19. Rxd3 Kh7 20. g4 Nd7 $2 {I'm not sure what to try with Black to defend the position, but I am sure this isn't it.} 21. g5 Rg8 22. Qh5 Raf8 {[diagram after 22...Raf8]} 23. Bxg7 $3 {This is the sort of move breathless commentators wonder, "will he fiind it?" Well, of course he will: he's been planning this kind of tactic on the dark squares since move 11, and this specific one since move 20 or so. But it's still pretty nice, no?} 1-0

[Event "SPFNO 2024"]
[White "Vijayakumar, Advaith"]
[Black "Willy, Stephen"]
[Site "?"]
[Round "5"]
[Annotator "Ralph Dubisch"]
[Result "0-1"]
[Date "2024.10.27"]
[WhiteElo "2213"]
[BlackElo "2263"]
[PlyCount "88"]
[GameId "2123213199163455"]
[EventDate "2024.??.??"]
[SourceVersionDate "2024.12.14"]

1. d4 Nf6 2. Nf3 e6 3. e3 b6 4. Bd3 Bb7 5. O-O g6 6. b3 Bg7 7. Bb2 d6 8. c4 Nbd7 9. Nc3 O-O 10. b4 $6 ({I'm not a big fan of this attempt to expand on the queenside. More to the point, I think, is central action with} 10. e4 {. Black may be OK after} e5 11. d5 {, but White always has space.}) 10... e5 11. Be2 exd4 12. exd4 a5 13. a3 axb4 14. axb4 Rxa1 15. Bxa1 Ne4 16. Nxe4 Bxe4 17. Nd2 Bb7 18. Bf3 Bxf3 19. Nxf3 Re8 20. Re1 $6 {White is just trying to exchange off pieces (with some success so far), but the three-abreast pawns are going to be weakened with ...b5 or ...d5. Exchanging rooks appears to favor Black.} ({After} 20. Qc2 $13 {, the black rook has no entries along the e-file, while White's rook may find some use along the a-file or backing queenside pawns, and it definitely serves to defend the back rank.}) 20... Qa8 (20... Rxe1+ {first is a bit more accurate.}) 21. Bc3 (21. Rxe8+ Qxe8 22. Qd3 {limits the damage.}) 21... Rxe1+ 22. Nxe1 (22. Bxe1) 22... Qa2 (22... c5 {is another way to exploit the weakened pawns, working the pin along the long diagonal.}) 23. Qd3 Qb3 24. Kf1 d5 $1 25. cxd5 Qxd5 26. Qf3 Nf6 27. Nc2 Qc4+ 28. Ke1 Nd5 29. Bd2 Bxd4 $17 {The pressure exerted by well-placed pieces yields a pawn. Now the game enters its technical phase.} 30. Na3 (30. Qe4 $4 Bxf2+) 30... Qa2 31. Qd3 c5 32. bxc5 bxc5 33. Nc2 Bf6 34. Qe4 Kg7 (34... Qb1+ 35. Ke2 Nb4) 35. Ke2 c4 36. Kf3 Ne7 (36... h5) 37. Be3 (37. g4 $5) 37... Nf5 38. Bc5 Qb3+ 39. Ke2 Qb5 $1 40. Ba3 c3+ 41. Kf3 (41. Qd3 Qe5+ 42. Kf1 Qxh2) 41... Qb1 $1 42. Bc5 Qd1+ 43. Kf4 g5+ 44. Kxf5 Qd7+ 0-1

[Event "SPFNO 2024"]
[White "Yin, Aiden"]
[Black "Jammalamadaka, Vihaan"]
[Site "?"]
[Round "4"]
[Annotator "Ralph Dubisch"]
[Result "1-0"]
[Date "2024.10.27"]
[WhiteElo "1719"]
[BlackElo "2045"]
[PlyCount "81"]
[GameId "2123213199163461"]
[EventDate "2024.??.??"]
[SourceVersionDate "2024.12.14"]

1. e4 c5 2. Nf3 Nf6 3. Nc3 d5 4. exd5 Nxd5 5. Bb5+ Bd7 6. Bxd7+ Qxd7 7. O-O Nc6 8. b3 e6 9. Bb2 O-O-O {Black really has no problems here. White embarks on the standard plan when there's nothing obvious to do: push the a-pawn.} 10. a4 Rg8 {Black decides to counter with some g-pawn action, and starts by getting the rook off that long diagonal.} 11. a5 g5 12. a6 b6 13. Qe2 g4 (13... Bg7) 14. Ne5 Nxe5 15. Qxe5 Bd6 (15... Bg7) 16. Qe4 f5 17. Qc4 Qc6 $2 (17... Nc7 {unpins the c-pawn and keeps the knight for useful defense of b5 and e6. Black's pawn storm looks the more dangerous.}) 18. Nb5 $1 Bb8 19. Be5 $1 h5 20. Rfe1 Rg6 21. d4 (21. b4 $5 Nxb4 22. Bxb8 Kxb8 23. Qf4+ Ka8 24. Nc7+ Kb8 25. Nxe6+ Rd6 26. Nd8 Qd7 27. Nb7 {is cute, but not trivial to calculate. Nor is the line finished:} Nxc2 28. Nxd6 Rxd6 (28... Qxd6 29. Re8+ Kc7 30. Qxf5) 29. Re8+ $1 Qxe8 (29... Kc7 30. Ra8 Qe6 31. Rxa7+ Kb8 32. Rb7+ Ka8 33. Rb1) 30. Qxd6+ $16) 21... Rd7 22. dxc5 Bxe5 (22... Qxc5) 23. Rxe5 bxc5 24. Rae1 Qxa6 25. Qxc5+ Kb7 26. c4 Qb6 $6 27. Qf8 $1 Nf4 28. Ra1 (28. Nd6+ $1 Rxd6 (28... Qxd6 29. Rb5+ Kc7 30. Qb8+ Kc6 31. Qa8+ Kc7 32. Rb7+ Kc6 33. Rxa7+ Kc5 34. Qc8+) (28... Kc6 29. Qa8+ Kxd6 30. c5+) 29. Rb5) 28... a6 29. Nc3 Qc6 ({Last chance:} 29... Qd4 30. Qb4+ Qb6 $14) 30. Rb5+ $1 axb5 31. Qa8+ Kc7 32. Nxb5+ Qxb5 33. cxb5 Kd6 34. Qb8+ Ke7 35. Qxf4 Kf6 36. g3 Rd5 37. b6 e5 38. Qc4 Rd4 39. Qc6+ Kg5 40. Qc7 Rf6 41. b7 1-0

[Event "SPFNO 2024"]
[White "Bayrambeyli, Emel"]
[Black "Cheng, Selina"]
[Site "?"]
[Round "3"]
[Annotator "Ralph Dubisch"]
[Result "1-0"]
[Date "2024.10.27"]
[WhiteElo "1796"]
[BlackElo "1782"]
[PlyCount "41"]
[GameId "2123213199163452"]
[EventDate "2024.??.??"]
[SourceVersionDate "2024.12.14"]

1. e4 e5 2. Nf3 Nc6 3. Bc4 Bc5 4. b4 Bxb4 5. c3 Ba5 6. d4 exd4 7. Qb3 $5 (7. O-O {is the most common continuation, though Black isn't doing too badly in the main lines.}) 7... Qe7 8. O-O Nf6 (8... Bb6 {is book.}) 9. Ba3 d6 10. e5 (10. cxd4) 10... Nxe5 11. Nxe5 Qxe5 12. Bxf7+ Kf8 (12... Kd8 {looks a little safer.}) 13. Nd2 dxc3 (13... Bxc3 14. Rae1) 14. Rae1 Qf5 (14... Qxe1 $1 15. Rxe1 cxd2 $13) 15. Nc4 g6 16. Re5 Qf4 17. Bc1 Qh4 18. Bg5 Qh5 19. Bxf6 dxe5 20. Qa3+ Kxf7 21. Qe7+ 1-0

[Event "SPFNO 2024"]
[White "Bayrambeyli, Emel"]
[Black "Deng, Lily"]
[Site "?"]
[Round "4"]
[Annotator "Ralph Dubisch"]
[Result "1-0"]
[Date "2024.10.27"]
[WhiteElo "1796"]
[BlackElo "1715"]
[PlyCount "83"]
[GameId "2123213199163453"]
[EventDate "2024.??.??"]
[SourceVersionDate "2024.12.14"]

1. e4 e5 2. Nf3 Nc6 3. Bc4 Bc5 4. b4 Bxb4 5. c3 Ba5 6. d4 exd4 7. Qb3 Qe7 8. O-O h6 $2 (8... Bb6 {may not be the only move here (yeah, maybe it is), but Black can't really afford to leave that bishop hanging around the edge of the board for long.}) 9. cxd4 $16 Nf6 10. e5 Nh7 ({An awkward placement for the knight, but} 10... Ne4 11. Ba3 d6 (11... Bb4 12. Bxb4 Nxb4 13. Re1 Ng5 14. Nxg5 hxg5 15. d5 $16) 12. Bd5 Ng5 13. Nxg5 hxg5 14. Bxc6+ bxc6 15. Qa4 {is definitely no fun for Black.}) 11. Ba3 d6 12. exd6 cxd6 13. d5 O-O ({White wins material, since knight moves lose the a5-bishop to a queen fork.} 13... Ne5 14. Nxe5 Qxe5 15. Qb5+ Bd7 16. Qxa5 Qxa1 17. Re1+ Kf8 18. Bxd6+ Kg8 19. Be5 $18) 14. dxc6 bxc6 15. Nbd2 Ng5 16. Rad1 $6 ({White starts making things a little more complicated than necessary, though it's still good enough.} 16. Nxg5 hxg5 17. Rad1 Bg4 18. Nf3) 16... Bg4 17. Qd3 $6 Rfd8 (17... Bxd2 {seems to set the hardest technical problems, as White must return some material or weaken the king position.} 18. Nxd2 (18. Rxd2 Bxf3 19. gxf3 Qf6 20. Kg2 d5 21. Bb3) 18... Bxd1 19. Rxd1 $16) 18. Nxg5 Qxg5 19. Ne4 Qg6 20. Nxd6 $1 Qxd3 21. Rxd3 Be2 22. Bxf7+ Kh7 23. Rg3 Bxf1 24. Kxf1 {White has returned some material, but here there are no extra black pawns or weakened white king to confuse the issue. Two dominant minor pieces against a relatively passive rook equals lots more fun for White.} g5 25. Re3 Rd7 26. Be6 Rdd8 27. Bf5+ Kg8 28. Re7 Bc3 29. Bh7+ ({Better} 29. Be6+ Kh8 (29... Kf8 30. Rh7) 30. Nf7+ Kg7 31. Nxd8+ {with two extra pieces and attack.}) 29... Kh8 30. Nf7+ Kxh7 31. Nxd8+ {OK, one extra piece and attack isn't too bad, either.} Kg6 32. Nxc6 a5 33. Re3 Bd2 34. Rd3 Bf4 35. g3 Bc7 36. Ne7+ Kh5 37. h3 Bxg3 38. fxg3 Rf8+ 39. Kg2 Rf6 40. g4+ Kh4 41. Bc5 Rf4 42. Ng6# 1-0

[Event "SPFNO 2024"]
[White "Vemparala, Nikash"]
[Black "Verma, Darsh"]
[Site "?"]
[Round "3"]
[Annotator "Ralph Dubisch"]
[Result "0-1"]
[Date "2024.10.27"]
[WhiteElo "2244"]
[BlackElo "1812"]
[PlyCount "68"]
[GameId "2123213199192136"]
[EventDate "2024.??.??"]
[SourceVersionDate "2024.12.14"]

1. e4 e5 2. Nf3 Nc6 3. Bc4 Nf6 4. d3 {Whether it's better understanding or just opening fads, the way these Italian game (Giuoco Piano) positions are reached now is quite different than it was a few decades ago. Where previously Black would play 3...Bc5 and White would generally attempt 4.c3 and 5.d4, now White prefers the quieter maneuvering lines with 4.d3 (or 4.c3 and 5.d3). And Black's preferred (though not universal) entry into the Giuoco Pianissimo is no longer 3...Bc5, but rather through the Two Knights Defense, 3...Nf6.This in turn used to be met almost exclusively with either 4.Ng5 or 4.d4, the former putting immediate pressure on the weak f7-point, generally causing Black to gambit a pawn after blocking the attack with 4...d5 5.exd5 Na5 (though other options exist).Now those direct attacks against f7 or central play with 4.d4 are hardly ever played at high levels, with White preferring to steer back into the "very quiet" variations of the Italian.} h6 {Already slightly unusual, though not dangerous for Black as there is little direct tension in the position. Most chess teachers and coaches frown on these little rook-pawn moves, as they are seen as unnecessary time-wasters, defending against non-threats such as Bg5, pinning the knight, or Ng5, attacking f7. That's not the only reason to play them, though.} 5. c3 d6 6. Nbd2 (6. O-O {is certainly fine.}) 6... g5 $5 (6... g6 {is more often played and scores reasonably well for Black, but the more aggressive 6...g5 is Stockfish approved.}) 7. Nf1 Bg7 (7... g4 {dislodging the knight is a consistent follow-up, planning 8...d5.}) 8. Ng3 a6 9. a4 d5 10. exd5 Nxd5 11. Nh5 $14 O-O 12. Nxg7 ({There doesn't seem to be any need to rush this capture.} 12. h4 Nf4 (12... g4 13. Bxd5 Qxd5 14. Bxh6 $1 $14 {is a nice little tactic.}) 13. hxg5 hxg5 14. Bxf4 exf4 15. d4 Re8+ 16. Kf1 Bf5 17. Bd3 {and that open h-file could prove dangerous for the black king.}) 12... Kxg7 13. O-O Nb6 (13... Bg4) 14. Bb3 Bg4 15. a5 Nc8 (15... Nd5 {, though Black has lost a small amount of time compared with playing ...Bg4 directly two moves ago.}) 16. h3 Bh5 17. Qe2 (17. g4 Bg6 18. d4 {and the position is opening up to the benefit of the bishop-pair.}) 17... Qf6 (17... f5 $5) 18. Bd5 (18. g4 Bg6 19. Re1) 18... N8e7 19. Be4 Qd6 20. h4 (20. b4) 20... g4 (20... f5 21. Bxc6 Nxc6 {and White can't safely grab the g-pawn:} 22. hxg5 hxg5 23. Bxg5 Qg6 {with multiple ways to win a piece.}) 21. Nd2 f5 22. Bxc6 Nxc6 23. Nc4 Qf6 24. Re1 Rae8 25. g3 Re7 ({No need for this much preparation. Swarm the kingside with} 25... f4 $15 {directly.}) 26. Ne3 (26. b4 Rfe8 27. Rb1 $13) 26... Rd8 27. Qc2 f4 28. Ng2 Bg6 29. gxf4 Rxd3 30. Qb3 $6 (30. Qa4 $17) 30... Bf7 (30... Nd4 $1) 31. Qxb7 Bd5 32. Qxa6 Rh3 33. Qf1 Qxh4 34. f3 Rh1# 0-1

[Event "SPFNO 2024"]
[White "Wang, Ted"]
[Black "Min, Ryan"]
[Site "?"]
[Round "5"]
[Annotator "Ralph Dubisch"]
[Result "1-0"]
[Date "2024.10.27"]
[WhiteElo "2161"]
[BlackElo "2142"]
[PlyCount "109"]
[GameId "2123213199163459"]
[EventDate "2024.??.??"]
[SourceVersionDate "2024.12.14"]

1. e4 e5 2. Nf3 Nc6 3. Bc4 Bc5 4. c3 Nf6 5. d3 d6 6. O-O a6 7. a4 Ba7 8. Nbd2 h6 9. Re1 g5 10. a5 g4 11. Nh4 Nh5 12. g3 Nf4 13. Rf1 Qf6 14. Nf5 $2 ({Logical, natural, and apparently not best. White should wait, unpinning the f-pawn and removing the check from a black knight hitting h3:} 14. Kh1) 14... Nh3+ 15. Kg2 Bxf5 $6 ({No, no. Taking free things isn't right. One must wait patiently.} 15... h5 $15 {(Stockfish)}) 16. exf5 Qxf5 $6 (16... O-O-O 17. Qxg4 Nf4+ 18. Kh1 d5 $13 {, and at least Stockfish thinks it knows what's going on, and claims a small edge for White. I lack the moral certitude of an engine, and will call this unclear.}) 17. f3 gxf3+ $2 (17... Ng5 18. fxg4 Qh7 (18... Qg6 19. Ne4 $1 $16 {with tactics against f7.}) 19. Qe2 {and White seems better coordinated.}) 18. Qxf3 Qxf3+ 19. Nxf3 Nf2 $16 ({This is now best, though it's pretty much winning for White. The alternative} 19... Ng5 20. Nxg5 hxg5 21. Bxf7+ {is hopeless for Black, as the opponent's bishop-pair will quickly shepard the soon-to-be-extra passed pawn down the board.}) 20. Rxf2 Bxf2 21. Kxf2 Ne7 22. Bb3 f6 23. Bd2 Kd7 24. Re1 h5 25. d4 Raf8 26. Nh4 Re8 27. Bf7 Ref8 28. Bb3 Re8 29. Bc2 c6 30. Ng6 Nxg6 31. Bxg6 Rhg8 ({I'm not sure I trust the score here, as} 31... Reg8 {doesn't hang a rook, and therefore White's failure to take it makes sense as well. So either way, zip ahead to move 36, and the position will be the same.} 32. Bf5+ Kc7 33. c4 h4 34. g4 Rd8 35. Bc3 Rhe8) 32. Bf5+ Kc7 33. c4 h4 34. g4 Rd8 35. Bc3 Rge8 36. dxe5 dxe5 37. b4 c5 38. b5 axb5 39. cxb5 Rd6 40. g5 fxg5 41. Rxe5 Rd2+ 42. Ke3 Rdd8 43. Kf3 Kd6 44. Rxe8 (44. Ke4) 44... Rxe8 45. Be4 g4+ 46. Kf4 g3 47. hxg3 hxg3 48. Bxb7 Re2 49. a6 g2 50. Be5+ Kd7 (50... Rxe5 51. Bxg2 Re7 52. b6 $18) 51. Bc6+ Kc8 (51... Ke6 52. Bxg2 $1 Rxg2 (52... Rxe5 53. a7) 53. b6) 52. a7 Ra2 53. b6 Rf2+ (53... g1=Q 54. b7+ Kd8 55. b8=Q+ Ke7 56. Qe8#) 54. Ke3 g1=Q 55. a8=R# 1-0

[Event "Oregon Class Championships"]
[White "Heath, Derek"]
[Black "Tang, Austin"]
[Site "?"]
[Round "2"]
[Annotator "Wilson Gibbins"]
[Result "0-1"]
[Date "2024.11.02"]
[WhiteElo "1997"]
[BlackElo "2138"]
[PlyCount "78"]
[GameId "2111672168173641"]
[EventDate "2024.11.02"]
[SourceVersionDate "2024.12.14"]

{[%evp 0,78,38,18,18,9,27,26,64,40,46,0,8,1,4,4,15,15,11,13,21,-33,39,87,73,-18,-43,-41,-33,-25,-25,-19,8,8,-9,0,-15,-51,-6,-27,-71,-167,-149,-195,-203,-244,-225,-232,-217,-232,-209,-163,-146,-179,-95,-81,-81,-420,-424,-425,-387,-349,-360,-370,-276,-287,-259,-277,-141,-134,-108,-100,-26,-1120,-1489,-1651,-1746,-29989,-29990,-29991,-29992]} 1. d4 Nf6 2. Bf4 d5 3. e3 c5 4. Nf3 Nc6 5. Nbd2 Nh5 {Only the fifith most popular move in the database after} (5... cxd4) (5... Qb6) (5... e6) ({and} 5... Bg4 {(played by C.O.H'D Alexander, one of the codebreakers at Bletchley Park who helped crack the German Enigma machine in World War II. If you have never heard of Bletchley Park, do yourself a favor and watch the movie "The Imitation Game"). That said, 5...Nh5 is the highest scoring move in the database, and has recently been played by well known players who include Fabiano Caruana, Ian Nepomniachtchi, Hikaru Nakamura, Anish Giri, and Austin Tang.}) 6. Bg5 h6 7. Bh4 g5 8. Ne5 $1 {The only move that allows White to maintain equality.} (8. Bg3 Nxg3 9. hxg3 g4 10. Ne5 Nxe5 $5 (10... Bg7 $15 {is the safe way to play.}) 11. dxe5 Bg7 12. Bb5+ Kf8 $1 (12... Bd7 $2 13. Qxg4) 13. Be2 Bxe5 14. Bxg4 Bxb2 {and Black has won a pawn though there are plenty of difficult moves ahead for both sides.}) 8... Ng7 ({Caruana played} 8... Nxe5 {but Austin's choice is fine too.}) 9. Bg3 cxd4 10. Bb5 $6 (10. exd4 $11) 10... dxe3 $6 {Austin takes the risky path.} (10... Qb6 $1 $15 {gives Black a slight edge.}) 11. Ndc4 $1 exf2+ (11... dxc4 $2 12. Qxd8+ Kxd8 13. Nxc6+ bxc6 14. O-O-O+ Bd7 15. Bxc6) 12. Kxf2 $6 {clever, but} ({after} 12. Bxf2 {White stands better} dxc4 (12... e6 13. Qf3) (12... Bd7 13. Qxd5 Nxe5 14. O-O-O) 13. Qxd8+ Kxd8 14. Nxf7+ Ke8 15. Nxh8 {and the knight on h8 will escape, though Black does have compensation for the exchange.}) 12... e6 $1 $17 {White is better after any other Black response.} (12... dxc4 $2 {loses to the same sequence of White moves described in the note to move 11, starting} 13. Qxd8+) 13. Nxc6 bxc6 14. Bxc6+ Bd7 15. Bxa8 {White wins the exchange. but under less favorable conditions than if he had played 12.Bxf2. Black has more than enough compensation, based partly on White's king getting caught in the center and partly on Black's active pieces. They may not look very active now, but check back on move 18.} dxc4 16. Bf3 (16. Qf3 Bc5+ $15) 16... Nf5 17. Qd2 Qb6+ 18. Ke2 {hoping to keep the rooks connected and perhaps castle by hand.} (18. Kf1 {keeps the White's king safer but also locks the rook on h1 out of the game.}) 18... Bc5 {What a difference three moves make. Black's active pieces make White's king quite uncomfortable.} 19. Be5 Bb5 20. c3 (20. Bxh8 $2 c3+) 20... O-O 21. Rad1 f6 22. Bg3 Be3 23. Qc2 Ba4 24. Qb1 Bxd1+ 25. Rxd1 Kh8 26. Rd7 Qb5 27. Rb7 Bb6 28. Bg4 Nxg3+ 29. hxg3 Qe5+ 30. Kf1 f5 31. Bf3 Qe3 32. Qe1 Qg1+ 33. Ke2 Qc5 34. Rd7 g4 35. Bb7 f4 36. Qb1 {threatening a checkmate on h7 that looks hard to stop. Black has weaknesses too. But he also has the right to make the next move.} f3+ $1 37. gxf3 gxf3+ 38. Bxf3 Qf2+ 39. Kd1 Qxf3+ {Black will deliver checkmate in 4 moves or less. One example is 40.Kc2 Qe4+ 41.Kd2 Rf2+ 42.Kc1 Rf1+ 43.Rd1 Be3#} 0-1

[Event "Oregon Class Championships"]
[White "Phipps, Danny"]
[Black "Morris, Mike"]
[Site "?"]
[Round "5"]
[Annotator "Mike Morris and Wilson Gibbins"]
[Result "0-1"]
[Date "2024.11.03"]
[WhiteElo "1858"]
[BlackElo "1900"]
[PlyCount "80"]
[GameId "2111333140430874"]
[EventDate "2024.11.02"]
[SourceVersionDate "2024.12.14"]

{[%evp 0,80,19,-12,-12,-11,-18,-30,12,19,12,-25,-17,-13,-13,-3,1,-26,14,-35,19,-36,24,-14,123,75,69,69,70,68,64,67,58,41,35,26,32,8,54,25,57,55,59,60,141,136,151,70,122,68,134,55,94,62,68,46,53,35,142,123,134,146,295,14,75,75,17,0,198,198,198,-33,-24,-45,-37,-278,-235,-353,-382,-365,-388,-381,-311]} {Notes marked MM are provided by Mike Morris. Notes marked WG are provided by Wilson Gibbins} 1. c4 e5 2. Nc3 Nc6 3. g3 g6 4. Bg2 Bg7 5. e4 d6 6. Nge2 Nge7 7. O-O O-O 8. f4 f5 9. d3 Be6 10. Nd5 Qd7 11. Be3 Nd8 12. fxe5 dxe5 13. Bc5 Bxd5 14. cxd5 b6 15. Ba3 (15. Bxe7 Qxe7 16. exf5 {threatens 17.d5-d6 WG}) 15... Rc8 16. Bh3 c5 17. b4 Nb7 18. Rc1 cxb4 19. Rxc8 Rxc8 20. Bxb4 Nd6 21. Qb3 Rc7 22. Nc3 Nec8 23. a4 (23. exf5 {wins a pawn - MM}) 23... Kh8 24. Nd1 Bh6 25. d4 Nxe4 26. dxe5 Nc5 27. Bxc5 Rxc5 28. Bg2 Ne7 29. d6 Nc6 30. Bxc6 Qxc6 31. Qe6 (31. Qf7 $1 $18 {and either the d-pawn or e-pawn will advance decisively - WG}) 31... Bg5 (31... Rc2 {generates enough counterplay to obtain a draw.} {White can defend, or can grab a perpetual starting with} 32. Qf6+ {WG}) 32. Qf7 $1 $18 {White gets back on the winning track - WG} Qd5 33. Qe8+ (33. Qxd5 Rxd5 34. Re1 $16 {WG}) 33... Qg8 34. d7 $1 Kg7 $1 {The best defense, but White still stands well - WG} 35. e6 $2 ({The not so obvious} 35. Nf2 $1 {retains White's advantage. It threatens 36.Nd3 to prevent Black's rook coming to e5, allowing White to keep the pawns rolling forward. It also stops Black checking with his bishop, which isn't an obvious problem in this position, but it will be in a few moves - WG}) 35... Re5 $1 $11 36. e7 {Diagram #} Bxe7 {The move he missed - MM} 37. d8=Q (37. Nf2 $1 {keeps White in the game. At this point it is more obvious why White needs to prevent Bishop checks - they will discover an attack from Black's rook to White's queen - WG}) 37... Qxe8 38. Qd3 (38. Qxe8 Bc5+ {why the knight was needed on f2 - WG}) 38... Bc5+ 39. Nf2 Re2 40. Qc3+ Qe5 0-1